LEADER 01390nam a2200325 i 4500 001 000000227047 003 CaOOAMICUS 005 20140212000000.0 008 140212s1986 it u000 u ita u 013 $a205949 040 $aSeMil$bita 100 0 $aIoannes Paulus II,$c.$0(OLS)http://semarc/name/646 245 10$aPoesie, 1939-1978 /$cKarol Wojtyla ; a cura di Franco Zagato ; traduzione di Alessandra Kurczab e Margherita Guidacci ; disegni di Salvatore Fiume. 260 $aVenezia :$bSan Marco,$c1986. 300 $a119 p. :$bill. ;$c21 cm. 490 0 $aLa chimera 700 1 $aZagato, Franco.$0(OLS)http://semarc/name/78745 700 1 $aFiume, Salvatore.$0(OLS)http://semarc/name/32928 700 1 $aGuidacci, Margherita,$d<1921-1992>.$0(OLS)http://semarc/name/22146 700 1 $aKurczab, Aleksandra.$0(OLS)http://semarc/name/36468 830 3$aLa chimera.$0(OLS)http://semarc/title/40003 850 $aSeMil 852 $aSeMil$W1$xVenegono$y1$m1V III 138$j177393$B177393$CSeMilBibl$Z2$F189261 $81 900 1 $aWojtyla, Karol,$d<1920-2005>. 900 0 $aGiovanni Paolo II$c. 961 $aOmaggio: Ferrario mons. Emilio 996 $6245$aPoesie, 1939-1978$9(OLS)http://semarc/title/325035 996 $6260$aVenezia :$bSan Marco$9(OLS)http://semarc/publisher/38104 LEADER 01251nam a2200301 i 4500 001 000000191614 003 CaOOAMICUS 005 20210826162315.0 008 100812s1979 it u000 u ita u 013 $a170184 020 $a88-02-01676-3 040 $aSeMil$bita 240 00$aLeggende dal Guatemala ; Poesia ; Uomini di Mais ; Soluna.$0(OLS)http://semarc/title/276115 245 00$aMiguel Angel Asturias. 264 1$aTorino :$bUTET,$c1979. 300 $aLXIII, 650 p., [1] c. di ritr. ;$c18 cm. 490 1 $aScrittori del mondo: i Nobel 500 $aSul dorso : Premio Nobel 1967. - In custodia. 650 4$aAsturias, Miguel Ángel <1899-1974> - Opere.$0(OLS)http://semarc/subject/36088 700 1 $aAsturias, Miguel Angel,$d<1899-1974>.$0(OLS)http://semarc/name/30018 830 0$aScrittori del mondo: i Nobel.$0(OLS)http://semarc/title/25869 850 $aSeMil 852 $aSeMil$W1$xVenegono$y1$m1W I 273$j142228$B142228$CSeMilBibl$Z2$F153748 $81 961 $aOmaggio: Sacchi don Luigi 996 $6020$a88-02-01676-3$9(OLS)http://semarc/number/182741 996 $6245$aMiguel Angel Asturias$9(OLS)http://semarc/title/276114 996 $6264$aTorino :$bUTET$9(OLS)http://semarc/publisher/29621